000 00457nam a22001697a 4500
003 BD-DhUL
005 20170126172615.0
008 170126s1898 N ||||| |||| 00| 0 eng
040 _aBD-DhUL
_cBD-DhUL
082 _a843.73
_bBAN
100 1 _aBalzac, Honore de
245 _a The novels of Honore de Balzac /
_cHonore de Balzac.
260 _aNew York :
_bRichmond ,
_c1898.
300 _a 368p.
_c22 Cm.
650 0 _aFrench fiction
942 _2ddc
_cBK
999 _c155971
_d155971